Digitalisation and Women's Contribution in Household Income in Gilgit Baltistan
| Main Author: | |
|---|---|
| Other Authors: | |
| Format: | Thesis |
| Kulcsszavak: | 21th century business marketing digitalizáció economics finance |
| Online Access: | http://dolgozattar.uni-bge.hu/60388 |
MARC
| LEADER | 00000nta a2200000 i 4500 | ||
|---|---|---|---|
| 001 | dolg60388 | ||
| 005 | 20260409150523.0 | ||
| 008 | 260409suuuu hu om 000 eng d | ||
| 040 | |a BGE Dolgozattár Repozitórium |b hun | ||
| 041 | |a en | ||
| 100 | 1 | |a Azam Ali Shan | |
| 245 | 1 | 0 | |a Digitalisation and Women's Contribution in Household Income in Gilgit Baltistan |c Azam Ali Shan |h [elektronikus dokumentum] |
| 520 | 3 | |a The major goal of my research is to understand despite the cultural and traditional constraints how women in these districts are utilising their capacity to earn money through digital platforms.Primarily my research is based on the two districts (Hunza & Ghizer) where women are more likely educated and majority of them have the access to mobile phones. About 80 % of women in Hunza and Nagar own and use mobile phones while across Pakistan the number remains low at 45 %.The main question of research, how does digitalisation is affecting women's ability to earn money in Gilgit-Baltistan? | |
| 695 | |a 21th century | ||
| 695 | |a business marketing | ||
| 695 | |a digitalizáció | ||
| 695 | |a economics | ||
| 695 | |a finance | ||
| 700 | 1 | |a Kovács Dr. Judit Erzsébet |e ths | |
| 856 | 4 | 0 | |u http://dolgozattar.uni-bge.hu/60388/1/AliShanAzam_NSJYLN.pdf |z Dokumentum-elérés |
| 856 | 4 | 0 | |u http://dolgozattar.uni-bge.hu/60388/2/AliShanAzam.pdf |z Dokumentum-elérés |